书目信息 |
| 题名: |
分形城市系统
|
|
| 作者: | 陈彦光 著 | |
| 分册: | ||
| 出版信息: | 北京 科学出版社 2008.07 |
|
| 页数: | xviii, 410页 | |
| 开本: | 26cm | |
| 丛书名: | 北京大学地理科学丛书 | |
| 单 册: | ||
| 中图分类: | TU984 | |
| 科图分类: | ||
| 主题词: | 复杂性理论--fu za xing li lun--应用--城市规划--研究 | |
| 电子资源: | ||
| ISBN: | 978-7-03-020571-1 | |
| 000 | 01252nam 2200289 450 | |
| 001 | 012009285261 | |
| 005 | 20090218105543.93 | |
| 010 | @a978-7-03-020571-1@dCNY88.00 | |
| 100 | @a20090218d2008 em y0chiy0120 ea | |
| 101 | 0 | @achi |
| 102 | @aCN@b110000 | |
| 105 | @aak a 001yy | |
| 106 | @ar | |
| 200 | 1 | @a分形城市系统@Afen xing cheng shi xi tong@e标度·对称·空间复杂性@d= Fractal urban systems@escaling, symmetry, spatial complexity@f陈彦光著@Fchen yan guang zhu@zeng |
| 210 | @a北京@c科学出版社@d2008.07 | |
| 215 | @axviii, 410页@c图@d26cm | |
| 225 | 2 | @a北京大学地理科学丛书@Abei jing da xue di li ke xue cong shu |
| 320 | @a有书目 (第379-396页) 和索引 | |
| 330 | @a本书内容包括:城市系统的空间复杂性引论、标度、对称与城市地理规律、异速生长与城市地理空间、相空间分析:城市化的空间动力学、实空间分析:城市体系与自组织城市网络等。 | |
| 410 | 0 | @12001 @a北京大学地理科学丛书 |
| 510 | @aFractal urban systems@escaling, symmetry, spatial complexity@zeng | |
| 517 | 1 | @a标度·对称·空间复杂性@Abiao du·dui chen·kong jian fu za xing |
| 606 | 0 | @a复杂性理论@Afu za xing li lun@x应用@x城市规划@x研究 |
| 690 | @aTU984@v4 | |
| 701 | 0 | @a陈彦光@Achen yan guang@4著 |
| 801 | 0 | @aCN@bQSSK@c20090218 |
| 905 | @b737092-94@dTU984@eC611@f3 | |
| 分形城市系统:标度·对称·空间复杂性= Fractal urban systems:scaling, symmetry, spatial complexity/陈彦光著.-北京:科学出版社,2008.07 |
| xviii, 410页:图;26cm.-(北京大学地理科学丛书) |
| ←并列题名:Fractal urban systems:scaling, symmetry, spatial complexity |
| ISBN 978-7-03-020571-1:CNY88.00 |
| 本书内容包括:城市系统的空间复杂性引论、标度、对称与城市地理规律、异速生长与城市地理空间、相空间分析:城市化的空间动力学、实空间分析:城市体系与自组织城市网络等。 |
| ● |
| 相关链接 |
|
|
|
正题名:分形城市系统
索取号:TU984/C611
 
预约/预借
| 序号 | 登录号 | 条形码 | 馆藏地/架位号 | 状态 | 备注 |
| 1 | 737092 | 207370922 | 建筑库201/201建筑库 90排1列1层/ [索取号:TU984/C611] | 在馆 | |
| 2 | 737093 | 207370931 | 建筑与城市规划学院资料室/101建筑库 85排1列1层/ [索取号:TU984/C611] | 在馆 | |
| 3 | 737094 | 207370940 | 建筑库201/201建筑库 90排1列1层/ [索取号:TU984/C611] | 在馆 |